| 000 | 00545nam a22001695i 4500 | ||
|---|---|---|---|
| 001 | 169945 | ||
| 003 | ES-MaACL | ||
| 005 | 20230906214240.0 | ||
| 008 | 081223s1876 sp |||| | spa d | ||
| 080 | _a272(430)"18" | ||
| 245 | 0 | 3 |
_aLa persecución religiosa en Alemania / _cpor P. F. ; traducción de Juan Bautista Padilla. |
| 260 |
_aMadrid : _b[s.n.], _c1876. |
||
| 300 |
_a45 p. ; _c21 cm. |
||
| 650 | 1 | 4 |
_aPersecuciones religiosas- _zAlemania- _yS.XIX. _9139122 |
| 700 | 1 |
_aPadilla, Juan Bautista. _9139123 |
|
| 852 |
_aES-MaACL _jT-208-F-9 |
||
| 999 |
_c169945 _d169945 |
||